| 000 | 01029nam a22003495b 4500 | ||
|---|---|---|---|
| 001 | 000469401 | ||
| 003 | DO-SdBNP | ||
| 005 | 20180221103421.0 | ||
| 007 | 000469401 | ||
| 008 | 960226s1993 sp a ||| ||spa | ||
| 016 | 7 |
_a _2BPMSU |
|
| 017 |
_a _b |
||
| 020 | _a8434837668 | ||
| 035 | _a | ||
| 040 |
_aBPMSU _bspa _cBPMSU _e |
||
| 041 | 1 |
_aspa _h |
|
| 080 | 0 | _a | |
| 100 | 1 |
_aNöstlinger, Christine _d1936- |
|
| 240 | 1 | 0 |
_aMini mub in die Schule / _lale. |
| 245 | 1 | 0 |
_aMini va al colegio / _cChristine Nöstlinger ; tradución Carmen Bas ; ilustraciones, Christine Nöstlinger, jr. _h |
| 250 | _a2ª ed. | ||
| 260 |
_aMadrid : _bSM, _c1993 |
||
| 300 |
_a78 p. : _bil., _c19 cm |
||
| 490 | 0 |
_aEl barco de vapor. _aSerie azul _v44 |
|
| 521 | _aA partir de 7 años. | ||
| 700 |
_aBas, Carmen _etr. |
||
| 700 |
_aNöstlinger, Christine _eil. |
||
| 830 | 0 |
_aEl barco de vapor. _pSerie azul _v44 |
|
| 942 |
_2ddc _cBK |
||
| 945 | _aInventariado, 2018/ YL | ||
| 956 |
_aVMATEO _210 _320160406 _6BPMSU _80069 |
||
| 999 |
_c9582 _d9582 |
||